White House Press Secretaries Quiz Stats

Quiz Updated Jul 21, 2017

Also try: Trump's Cabinet
Challenge
Share
Tweet
Embed
Score 0/36 Timer 10:00
0 Plays Today
Years Press Secretary % Correct
2017Sean Spicer
94.8%
2017-Sarah Huckabee Sanders
67.6%
2001–2003Ari Fleischer
34.7%
2007–2009Dana Perino
24.3%
2006–2007Tony Snow
23.7%
1993–1994Dee Dee Myers
22.3%
2014–2017Josh Earnest
21.5%
2011–2014Jay Carney
19.9%
1981–1989James Brady
19.2%
2009–2011Robert Gibbs
18.5%
1961–1964Pierre Salinger
16.8%
1969–1974Ron Ziegler
13.9%
1993George Stephanopoulos
13.2%
1965–1966Bill Moyers
10.8%
1977–1981Jody Powell
10.1%
1987–1989Marlin Fitzwater
9.9%
1989–1993Marlin Fitzwater
9.9%
2003–2006Scott McClellan
9.6%
Years Press Secretary % Correct
1974–1977Ron Nessen
9%
1994–1998Mike McCurry
8.2%
1981–1987Larry Speakes
8.2%
1974Jerald terHorst
7.5%
1998–2000Joe Lockhart
7.3%
1933–1945Stephen Early
6.8%
1950Stephen Early
6.8%
1964–1965George Reedy
5.2%
1945–1950Charles Griffith Ross
5%
1945Jonathan W. Daniels
5%
1953–1961James Hagerty
5%
1929–1931George Edward Akerson
4.9%
1966–1969George Christian
4.9%
1952–1953Roger Tubby
4.8%
1931–1933Ted Joslin
4.6%
1950–1952Joseph Short
4.6%
2000–2001Jake Siewert
4.6%
1945J. Leonard Reinsch
1.3%

You're not logged in!

Compare scores with friends on all Sporcle quizzes.
Sign Up with Email
OR
Log In

You Might Also Like...

Show Comments

Extras

Top Quizzes Today


Score Distribution

Your Account Isn't Verified!

In order to create a playlist on Sporcle, you need to verify the email address you used during registration. Go to your Sporcle Settings to finish the process.